00000000nam 2200000zi 4500
0019.922197
003CaOODSP
00520250611123731
006m     o  d f      
007cr |n|||||||||
008230503e197512##oncado  ob   f000 0 eng d
040 |aCaOODSP|beng|erda|cCaOODSP
043 |an-cn---
0861 |aA58-4/563E-PDF
1001 |aTimbers, G. E. |q(Gordon Ernest), |d1940- |eauthor.
24512|aA laboratory wiener cabinet / |cG.E. Timbers, J.G. Caron, C.J. Randall.
24614|aA laboratory wiener curing cabinet
264 1|aOttawa, Ontario : |bEngineering Research Service, Research Branch, Agriculture Canada, |cDecember 1975.
300 |a1 online resource (11 pages) : |billustrations, charts, photographs
336 |atext|btxt|2rdacontent
337 |acomputer|bc|2rdamedia
338 |aonline resource|bcr|2rdacarrier
4901 |aContribution ; |vno. 563
500 |a"Report number 7521-563."
504 |aIncludes bibliographical references (page 6).
520 |a"One aspect of the work undertaken at the Food Research Institute is the fundamental study of the influence of formulation changes and the use of various protein sources on the production of wiener products. For the results of this work to be extrapolated to the industrial situation it is necessary to process the material under conditions which can be related to commercial practice. One facility which has not been available to F.R.I. was a suitable cook house in which to process the small lots of wieners under conditions which replicate commercial batch or continuous processes."--Introduction, page [1].
650 0|aSausages|zCanada.
650 6|aSaucisses|zCanada.
7101 |aCanada. |bAgriculture Canada. |bEngineering Research Service, |eissuing body.
830#0|aContribution (Canada. Agriculture Canada. Engineering Research Service)|vno. 563.|w(CaOODSP)9.921188
85640|qPDF|s9.72 MB|uhttps://publications.gc.ca/collections/collection_2023/aac-aafc/A58-4-563-eng.pdf